00325nam a2200121Ia 4500008004100000041000800041082001500049245004400064260003400108300001800142365001400160520002900174240719s9999 xx 000 0 und d aeng a861.62 NER aTwenty Love Poems And A Song Of Despair aNew YorkbPenguin Booksc2004 a64;. P. 22 Cm cBPSb7.99 aGifted By : IMT Faculty